| 000 | 00447nam a22001451a 4500 | ||
|---|---|---|---|
| 082 |
_a294.592 18 _bN97 |
||
| 100 |
_aSeru S L _9160688 |
||
| 245 |
_aThe thirteen principal upanisads: _ban introduction on vedanta-sara (text with english translation and notes)/ _cby Seru S L. |
||
| 260 |
_aDelhi: _bNag, _c1997. |
||
| 300 | _a299p. | ||
| 500 | _aSeru | ||
| 650 |
_aUpanishad English _9160689 |
||
| 650 |
_aUpanishad Vedanta Sara _9160690 |
||
| 942 | _cBK | ||
| 999 |
_c46976 _d46976 |
||